| 000 | 00000nam##2200000za#4500 |
| 001 | 9.571868 |
| 003 | CaOODSP |
| 005 | 20210624182934 |
| 007 | cr ||||||||||| |
| 008 | 150406|2007||||xxc|||||o f|0| 0 eng|d |
| 040 | |aCaOODSP|beng |
| 043 | |an-cn--- |
| 086 | 1 |aNH18-24/28J-2007E-PDF |
| 110 | 2 |aCanada Mortgage and Housing Corporation. |
| 245 | 10|aBefore you start an energy-efficient retrofit - the building envelope |h[electronic resource] |
| 250 | |aRev. 2007 |
| 260 | |bCanada Mortgage and Housing Corporation |cc2000. |
| 300 | |a8p.|bfig., tables |
| 490 | 1 |aAbout your house |vCE28j |
| 590 | |a11-24-Supp|b2011-10-24 |
| 690 | 07|aInsulation|2gcpds |
| 690 | 07|aHeating|2gcpds |
| 690 | 07|aEnergy efficiency|2gcpds |
| 775 | 08|tAvant d'améliorer l'efficacité énergétique de votre maison : l'enveloppe du bâtiment |w(CaOODSP)9.602288 |
| 830 | #0|aAbout your house ;|vCE28j|w(CaOODSP)9.505388 |
| 856 | 40|ahttp://publications.gc.ca|qPDF|s175 KB|uhttps://publications.gc.ca/collections/collection_2011/schl-cmhc/nh18-24/NH18-24-28j-2007-eng.pdf|yCE28j |